| 000 | 00585nam a2200193 i 4500 | ||
|---|---|---|---|
| 001 | 136346 | ||
| 003 | ES-MaACL | ||
| 005 | 20230906195110.0 | ||
| 007 | t| | ||
| 008 | 070214s1970 sp r ||||1| spa d | ||
| 245 | 0 | 3 |
_aEl sacerdote en la sociedad actual / _cLouis Rétif [et. al.] ; versión de P. Almerich. |
| 260 |
_aBarcelona : _bNova Terra, _c1970. |
||
| 300 |
_a274 p. : _bil. ; _c22 cm. |
||
| 650 | 0 | 4 |
_aSacerdotes. _916959 |
| 700 | 1 |
_aAlmerich i Padró, Paulina. _920149 |
|
| 700 | 1 |
_aRetif, Louis. _9182353 |
|
| 852 |
_aES-MaACL _jC-46213 _bR.75641 |
||
| 999 |
_c136346 _d136346 |
||